00471cam a22001572 4500001001100000005001700011008004100028040001500069050001800084100003100102245006300133260003700196300001600233600003100249700003300280000000045420151217155801.0070202s xx 000 0 eng d aKABUcKABU 0aDT351b.S7M381 aStanley, H. M.@000014865210aH. M. Stanley :bUnpublished letters /cby Albert Maurice. aLondon :bW & R Chambers,c1955. axvi, 183 p.10aStanley, H. M.@00001486521 aMaurice, Albert.@0000148653